Singer's engineering mechanics statics and dynamics : (Record no. 65195)
[ view plain ]
| 000 -LEADER | |
|---|---|
| fixed length control field | 01149nam a22002897a 4500 |
| 005 - DATE AND TIME OF LATEST TRANSACTION | |
| control field | 20130513154217.0 |
| 008 - FIXED-LENGTH DATA ELEMENTS--GENERAL INFORMATION | |
| fixed length control field | 120418t xxu||||| |||| 00| 0 eng d |
| 010 ## - LCCN (DPL NO) | |
| LC control number | ENG-105017 |
| 020 ## - INTERNATIONAL STANDARD BOOK NUMBER | |
| International Standard Book Number | 9788178002194 |
| Terms of availability | 350.00 |
| 035 ## - SYSTEM CONTROL NUMBER | |
| System control number | EN-88550 |
| 035 ## - SYSTEM CONTROL NUMBER | |
| System control number | B-491942-945 |
| 037 ## - SOURCE OF ACQUISITION | |
| Source of stock number/acquisition | DBAD/PUB |
| 037 ## - SOURCE OF ACQUISITION | |
| Source of stock number/acquisition | Researcho Books & Periodicals Pvt. Ltd./Ven |
| 040 ## - CATALOGING SOURCE | |
| Original cataloging agency | DPL |
| Language of cataloging | Eng |
| 082 ## - DEWEY DECIMAL CLASSIFICATION NUMBER | |
| Classification number | 620.1 |
| 245 ## - TITLE STATEMENT | |
| Title | Singer's engineering mechanics statics and dynamics : |
| Statement of responsibility, etc | adapted by K. Vijaya Kumar Reddy [and] J. Suresh Kumar |
| Remainder of title | SI units / |
| 250 ## - EDITION STATEMENT | |
| Edition statement | 3rd ed |
| 260 ## - PUBLICATION, DISTRIBUTION, ETC. (IMPRINT) | |
| Place of publication, distribution, etc | Hyderabad |
| Name of publisher, distributor, etc | BS Publications |
| Date of publication, distribution, etc | 2011(repr.) |
| 270 ## - ADDRESS | |
| Address | 4-4-309, Giriraj Lane, Sultan Bazar |
| City | Hyderabad |
| Postal code | 500095 |
| 300 ## - PHYSICAL DESCRIPTION | |
| Extent | xxi,824p. : |
| Dimensions | 24cm(pbk) |
| Other physical details | ill. |
| 500 ## - GENERAL NOTE | |
| General note | Includes index |
| 650 ## - SUBJECT ADDED ENTRY--TOPICAL TERM | |
| Topical term or geographic name as entry element | Mechanics, Applied |
| 9 (RLIN) | 45279 |
| 700 ## - ADDED ENTRY--PERSONAL NAME | |
| Personal name | Reddy, K. Vijaya Kumar |
| 9 (RLIN) | 45280 |
| 700 ## - ADDED ENTRY--PERSONAL NAME | |
| Personal name | Suresh Kumar, J. |
| 9 (RLIN) | 45283 |
| 942 ## - ADDED ENTRY ELEMENTS (KOHA) | |
| Source of classification or shelving scheme | Dewey Decimal Classification |
| Item type | English Books |
| Classification part | 620.1 |
| Call number suffix | SIN |
| Withdrawn status | Lost status | Source of classification or shelving scheme | Damaged status | Not for loan | Collection code | Home library | Current library | Date acquired | Source of acquisition | Cost, normal purchase price | Total Checkouts | Full call number | Barcode | Date last seen | Copy number | Cost, replacement price | Koha item type | Total Renewals |
|---|---|---|---|---|---|---|---|---|---|---|---|---|---|---|---|---|---|---|
| Dewey Decimal Classification | Not For Loan | Non-fiction | D.B.Act.Division | D.B.Act.Division | 18/04/2012 | DBAD/PUB | 350.00 | 620.1 SIN | EN-88550 | 18/04/2012 | 1 | 350.00 | English Books | |||||
| Dewey Decimal Classification | Non-fiction | Janak Puri | Janak Puri | 13/05/2013 | RBP/32825/12.1.13/27/18.12.12/21.1.13 | 350.00 | 23 | 620.1 SIN | B-491943 | 18/03/2025 | 1 | 350.00 | English Books | 4 | ||||
| Written-off vide DLB M. No. 383 dt 16.05.19 | Dewey Decimal Classification | Non-fiction | Patel Nagar | Patel Nagar | 13/05/2013 | RBP/32825/12.1.13/27/18.12.12/21.1.13 | 350.00 | 620.1 SIN | B-491942 | 13/05/2013 | 1 | 350.00 | English Books | |||||
| Dewey Decimal Classification | Non-fiction | Sarojini Nagar | Sarojini Nagar | 13/05/2013 | RBP/32825/12.1.13/27/18.12.12/21.1.13 | 350.00 | 620.1 SIN | B-491944 | 13/05/2013 | 1 | 350.00 | English Books | ||||||
| Dewey Decimal Classification | Non-fiction | Shahdara Branch | Shahdara Branch | 13/05/2013 | RBP/32825/12.1.13/27/18.12.12/21.1.13 | 350.00 | 620.1 SIN | B-491945 | 13/05/2013 | 1 | 350.00 | English Books |
